<?xml version="1.0" encoding="UTF-8"?>
<collection xmlns="http://www.loc.gov/MARC21/slim">
 <record>
  <leader>00911nam a2200205 a 4500</leader>
  <controlfield tag="008">090517s1992    enk       b    001 0 eng d</controlfield>
  <datafield tag="020" ind1=" " ind2=" ">
   <subfield code="a">9053831932</subfield>
  </datafield>
  <datafield tag="082" ind1="0" ind2="4">
   <subfield code="a">630.92</subfield>
   <subfield code="2">19</subfield>
  </datafield>
  <datafield tag="245" ind1=" " ind2=" ">
   <subfield code="a"> Biotechnology and farmer's rights  : </subfield>
   <subfield code="b"> opportunities and threats for small scale farmers in developing countries / </subfield>
   <subfield code="c"> Hans Bruwer, Erik M.Stokhof and Joske F.G. Bunders.</subfield>
  </datafield>
  <datafield tag="260" ind1=" " ind2=" ">
   <subfield code="a"> Amesterdam : </subfield>
   <subfield code="b"> VU University Press,</subfield>
   <subfield code="c"> 1992.</subfield>
  </datafield>
  <datafield tag="300" ind1=" " ind2=" ">
   <subfield code="a">122 p. ; </subfield>
   <subfield code="c"> 24 cm.</subfield>
  </datafield>
  <datafield tag="500" ind1=" " ind2=" ">
   <subfield code="a"> Includes indexes.</subfield>
  </datafield>
  <datafield tag="541" ind1="1" ind2=" ">
   <subfield code="e">00003556</subfield>
  </datafield>
  <datafield tag="650" ind1="0" ind2=" ">
   <subfield code="a"> Farmers</subfield>
   <subfield code="z">Developing Countries </subfield>
  </datafield>
  <datafield tag="700" ind1="1" ind2=" ">
   <subfield code="a"> Brouwer, Hans.</subfield>
  </datafield>
  <datafield tag="700" ind1="1" ind2=" ">
   <subfield code="a"> Stokhof Erik M.</subfield>
  </datafield>
  <datafield tag="700" ind1="1" ind2=" ">
   <subfield code="a"> Bunders Joske F.G..</subfield>
  </datafield>
  <datafield tag="852" ind1="4" ind2=" ">
   <subfield code="a">Ayesha Abed Library</subfield>
   <subfield code="j">Generalshelf</subfield>
  </datafield>
  <datafield tag="999" ind1=" " ind2=" ">
   <subfield code="c">749</subfield>
   <subfield code="d">749</subfield>
  </datafield>
  <datafield tag="952" ind1=" " ind2=" ">
   <subfield code="0">0</subfield>
   <subfield code="1">0</subfield>
   <subfield code="2">ddc</subfield>
   <subfield code="4">0</subfield>
   <subfield code="6">630_920000000000000_BIO_1992</subfield>
   <subfield code="7">0</subfield>
   <subfield code="9">691</subfield>
   <subfield code="a">BRACUL</subfield>
   <subfield code="b">BRACUL</subfield>
   <subfield code="c">GEN</subfield>
   <subfield code="d">2009-05-17</subfield>
   <subfield code="g">0.00</subfield>
   <subfield code="l">0</subfield>
   <subfield code="o">630.92 BIO</subfield>
   <subfield code="p">3010011525</subfield>
   <subfield code="r">2009-05-17</subfield>
   <subfield code="t">1</subfield>
   <subfield code="w">2009-05-17</subfield>
   <subfield code="y">BK</subfield>
   <subfield code="x">No price found in the accession register.</subfield>
  </datafield>
 </record>
</collection>
